000 00502nam a2200181Ia 4500
003 GCL
008 140319s9999 xx 000 0 eng d
040 _aGCL /
_cGCL
082 0 4 _a952.01
_bT S
100 1 _aBROWNLEE, JOHNS(TRAN)
245 1 0 _aTHE SIX NATIONAL HISTORIES OF JAPAN /
_cBROWNLEE, JOHNS(TRAN)
700 1 _aTARO, SAKAMOTO
260 _a[S.N] :
_bUNIVERSITY OF TOKYO PRESS ،
_c1991
300 _a232 P
650 0 4 _aHISTORIOLOGY
650 0 4 _aJAPAN - HISTORY, 1185
942 _2ddc
_cBK
999 _c19341
_d19341